Loading...
A problem book in algebra
| Main Author: | |
|---|---|
| Format: | Printed Book |
| Language: | English |
| Published: |
Moscow
Mir Publishers
1974
|
| Subjects: |
| LEADER | 00497nam a22001577a 4500 | ||
|---|---|---|---|
| 005 | 20160820112600.0 | ||
| 008 | 091019t xxu||||| |||| 00| 0 eng d | ||
| 082 | |a 512 |b KRE | ||
| 100 | |a Krechmar,V A |9 4657 | ||
| 245 | |a A problem book in algebra | ||
| 300 | |a 504p. | ||
| 653 | |a algebra |a mathematical induction | ||
| 942 | |c BK |6 _ | ||
| 260 | |a Moscow |b Mir Publishers |c 1974 | ||
| 999 | |c 172334 |d 172334 | ||
| 952 | |0 0 |1 0 |2 ddc |4 0 |6 512_KRE |7 0 |9 223770 |a DAE |b DAE |d 2009-10-19 |o 512 KRE |p ECO04810 |r 2016-08-20 |w 2016-08-20 |y BK | ||